Cervantes / (Registro nro. 10597)

Detalles MARC
000 -LIDER
fixed length control field 00700nam a22002657a 4500
001 - NÚMERO DE CONTROL
Identificador de número de control 00592
003 - IDENTIFICACDOR DE NÚMERO DE CONTROL
control field DO-SdBNP
005 - DATE AND TIME OF LATEST TRANSACTION
control field 20180118130416.0
007 - CAMPOS FIJOS DE DESCRIPCIÓN FÍSICA
fixed length control field 00592
008 - ELEMENTOS DE LONGITUD FIJA
fixed length control field 160627b sp 1977||||| |||| 00| 0 spa d
020 ## - ISBN
International Standard Book Number 8430305955
040 ## - FUENTE DE CATALOGACIÓN
Agencia que crea de manera original el registro BPMSU
Idioma de catalogación spa
Agencia que realiza la transcripción BPMSU
092 ## - LOCALLY ASSIGNED DEWEY DECIMAL CALL NUMBER
Número de clasificación xxxxxxxxx
Número de ítem (Cutter) xxxxxxxxx
100 1# - ASIENTO PRINCIPAL -- NOMBRE PERSONAL
Nombre personal Del Olmo, D.
245 1# - MENCIÓN DE TITULO
Título Cervantes /
Mención de responsabilidad D. Del Olmo
260 ## - PUBLICACIÓN, DISTRIBUCIÓN, ETC. (PIE DE IMPRENTA)
Lugar de publicación, distribución, etc España :
Nombre del editor, distribuidor, etc. Ramón Sopena,
Fecha de publicación, distribución, etc 1977.
300 ## - DESCRIPCIÓN FÍSICA
Extensión 130 p. :
Dimensiones 18 cm.
490 1# - MENCIÓN DE SERIES
Mención de serie Edición integra
490 1# - MENCIÓN DE SERIES
Mención de serie Biblioteca sopena
Volume/sequential designation 595
830 #0 - ASIENTO SECUNDARIO DE SERIE--TÍTULO UNIFORME
Título uniforme Edición integra
830 #0 - ASIENTO SECUNDARIO DE SERIE--TÍTULO UNIFORME
Título uniforme Biblioteca sopena
Número de la parte o sección de una obra 595
942 ## - ADDED ENTRY ELEMENTS (KOHA)
Source of classification or shelving scheme Dewey Decimal Classification
Koha item type Libros
945 ## - INFORMACIÓN DE PROCESAMIENTO LOCAL
Información de procesamiento local inventariado, 2018 / dg
956 ## - LOCAL ELECTRONIC LOCATION AND ACCESS (OCLC)
Nombre de host BTAVÁREZ
Número de acceso 10
Información de compresión 20162806
Trayectoria 00592
Existencias
Withdrawn status Lost status Source of classification or shelving scheme Damaged status Not for loan Collection code Home library Current library Date acquired Source of acquisition Total Checkouts Barcode Date last seen Price effective from Koha item type
    Dewey Decimal Classification     Colección General Biblioteca Pública Metropolitana Salomé Ureña Biblioteca Pública Metropolitana Salomé Ureña 06/27/2016 Fundi   BPMSU16060593 06/27/2016 06/27/2016 Libros